01634nam a22001817a 450000500170000000800410001702000180005804000070007604100120008308200170009510000170011224500140012926000350014330000240017836500550020252011750025765000200143220260121091326.0260117b |||||||| |||| 00| 0 eng d a9789373073439 cAL aEnglish a820.33bGHOG aAmitav Ghosh aGhost eye aNew DelhibFourth Estatec2026 a325p.bHBc23x16cm. aKSCR-000702b₹639.00c₹d₹799.00e13-01-2026 aPast and present collide in a novel about a girl who might just be a 'case of the reincarnation type' Varsha Gupta wants fish for her lunch. Her family can't understand it; the three-year-old has never tasted fish in her life. The Guptas are strict vegetarians and don't allow it inside their Calcutta mansion. But Varsha claims she can remember another life: a mud house by a river where she caught and cooked fish with a different mother. Perplexed, the Guptas turn to Dr Shoma Bose, a psychiatrist who has been investigating what are known as 'cases of the reincarnation type' for years. But Shoma's understanding of the world is changed forever by Varsha's revelations. Half a century later, when Varsha's therapeutic case file catches the attention of a group of environmental activists, Shoma's nephew Dinu is drawn inexorably into their plans. And as Dinu finds himself caught up in the search for Varsha, buried memories of his own past begin to surface. Travelling between late-sixties' Calcutta and present-day Brooklyn, Ghost-Eye is an urgent and expansive novel from one of our greatest living storytellers, about family, fate and our fragile planet.  aEnglish Fiction